| 000 | 00518nmm a2200157Ia 4500 | ||
|---|---|---|---|
| 008 | 251105s9999||||xx |||||||||||||||||und|| | ||
| 020 | _a9789588371313 | ||
| 041 | _aspa | ||
| 100 | _aDagoberto Ocampo, Edgar | ||
| 245 | 0 |
_aAdministración Financiera : _b Base para la toma de decisiones económicas y financieras |
|
| 264 |
_a[Bogotá, Colombia] : _bNueva Legislacion, _c2009 |
||
| 300 | _a208 páginas | ||
| 650 | _aEconomics and Business | ||
| 856 | _uhttps://public.digitaliapublishing.com/a/13618 | ||
| 942 | _cCF | ||
| 999 |
_c96580 _d96580 |
||